Finnish Folk Song - Säkkijärven polkka - Statistics

General Stats
  • This quiz has been taken 28 times
  • The average score is 26 of 68
Answer Stats
Lyrics % Correct
polkka
86%
Säkkijärven
86%
Säkkijärven
86%
Säkkijärven
86%
Säkkijärven
86%
On
77%
on
77%
on
77%
on
77%
maa,
73%
Karjala
68%
kauniina
55%
muistona
55%
Karjalan
50%
soi-
50%
ja
45%
ja
45%
Se
45%
se
45%
se
45%
vie,
45%
kun
41%
kuulla
41%
mutta
41%
saa,
41%
soittaja,
41%
suo
41%
vieläkin
36%
ei
32%
kaipuuta
32%
luo
32%
outoa
32%
polkkaa!
32%
polkkaa!
32%
polkkaa!
32%
polkkaa!
32%
soinnahtaa,
32%
soittajan
32%
tuo
32%
menneitä
27%
mieleen
27%
rintaan
27%
Sen
27%
sen-
27%
Siinä
27%
siinä
27%
taas
27%
tanssiin
27%
haitarin
23%
kaikki
23%
lie!
23%
Nuoren
23%
sormista
23%
Hei,
18%
kanssa
18%
laineitten,
18%
polkalle
18%
soida
18%
tietää
18%
vanhan
18%
vertaa
18%
honkien
14%
huojunta
14%
liplatus
14%
mierontie
14%
sille
14%
vaikka
14%
syömmestä
9%
No matching quizzes found
Score Distribution
Percent of People with Each Score
Percentile by Number Answered
Your Score History
You have not taken this quiz